000 00410nam a2200181Ia 4500
001 11247
005 20260306161932.0
008 260306t2015||||xx |||||||||||||| ||spa||
041 _aESP
082 _a985.019
_bP34
100 _aPease G. Y., Franklin
_eAUT
245 0 _aLos incas
260 _c2015
300 _a175 páginas :
_c20 cm.
650 _aGEN
654 _aCHU
942 _cLIB
_dJUS
_fJUS
_2ddc
_n
999 _c11247
_d11247